| 000 | 00573nam a22001817a 4500 | ||
|---|---|---|---|
| 003 | NUST - PNEC | ||
| 005 | 20170116181103.0 | ||
| 008 | 151003b xxu||||| |||| 00| 0 eng d | ||
| 020 | _a0080378722 | ||
| 020 | _a7800030652 | ||
| 040 | _cLIBRARY | ||
| 082 | _a621.45 SUN | ||
| 100 |
_912489 _aSun, T. F. |
||
| 245 |
_aRecent advances in wind engineering : proceedings of the Second Asia-Pacific Symposium on Wind Engineering, Beijing, China, June 26-29, 1989: VOL II _cT. F. Sun |
||
| 260 | _cc.1989 | ||
| 650 |
_912491 _aStructural dynamics _xME, EE |
||
| 942 |
_2ddc _cBK |
||
| 999 |
_c68838 _d68838 |
||